000 00769nam a22002177a 4500
003 OSt
005 20260113081430.0
008 260113b |||||||| |||| 00| 0 eng d
020 _a 9789718586-05-1
040 _aDWC-Main lib
_cOC
082 _22016 edition
_aFil.345.99 N722 2016
100 _aFoz, Vincent
245 _aThe National Building code of the Philippines :
_b with its revised Implementing rules and regulations/
_cVincent Foz
250 _a2016 edition
260 _aQuezon City :
_bPhilippines Law Gazette ,
_c c2016.
300 _axv, 428 pages :
_billustrations ;
_c 26cm.
650 _a1. Barrier-free design--Law and legislation
650 _a2. Building laws
650 _a3. Philippines
942 _2ddc
_cBK - FIL
_e2016 edition
_kFil.
_n0
999 _c7345
_d7345